| 000 | 01365cam a2200373 a 4500 | ||
|---|---|---|---|
| 001 | 195536 | ||
| 003 | NUST | ||
| 005 | 20201111125823.0 | ||
| 008 | 990708s1997 pk a 000 0curdo | ||
| 010 | _a 98930235 | ||
| 025 | _aP-U-98930235; 07 | ||
| 035 | _a(DLC) 98930235 | ||
| 038 | _aFaiza | ||
| 040 |
_aDLC _cDLC _dDLC |
||
| 042 | _alcode | ||
| 043 | _aa-pk--- | ||
| 050 | 0 | 0 |
_aDS392.2.H25 _bS53 1997 |
| 082 |
_a954.914 _bSHE |
||
| 100 | 1 |
_aSheikh , Aziz Ali _935136 |
|
| 245 | 1 | 0 |
_aTarikh e Hafizabad / _cAziz Ali Sheikh |
| 260 |
_aLāhore : _bFikshan Hāʼūs, _c1997. |
||
| 300 |
_a331, [1] p. : _bcol. ill. ; _c22 cm. |
||
| 504 | _aIncludes bibliographical references (p. [332]). | ||
| 520 | _aSocio-cultural history of Hāfizābād Punjab, Pakistan; includes biographical sketches of prominent personalities of the area. | ||
| 546 | _aIn Urdu. | ||
| 651 | 0 |
_aHāfizābād (Punjab, Pakistan) _xHistory. _94497 |
|
| 651 | 0 |
_aHāfizābād (Punjab, Pakistan) _vBiography. _94498 |
|
| 880 |
_6100-01\(3\r _aعزیز علی شیخ |
||
| 880 |
_6245-02\(3\r _aتاریخ حافظ آباد _cعزیز علی شیخ |
||
| 880 |
_6260-03\(3\r _aلاہور: _bفکشن ہاؤس، _c2004 |
||
| 906 |
_a7 _bibc _corigode _d3 _encip _f19 _gy-gencatlg |
||
| 942 |
_2ddc _cBK |
||
| 999 |
_c331072 _d331072 |
||